000 00522nam a2200193Ia 4500
005 20250923145344.0
008 008 250917s9999 xx 000 0 eng d
037 _aTextual
040 _aDSWL
_beng
_cDSWL
041 _aeng
_2eng
084 _aY:f, N27
_qDSWL
100 _aElmer, M.C.
_9834416
245 0 _aTechnique of social surveys
_c by M.C. Elmer
250 _a3rd
260 _aCalifornia
_b Ray Miller
_c1927
300 _a260p.
942 _cTEXL
_hY:f, N27
999 _c1450377
_d1450377